| 000 | 00699nam a22002417a 4500 | ||
|---|---|---|---|
| 005 | 20170124110107.0 | ||
| 010 | _aA-584194 | ||
| 020 |
_c00.00 _a0002184133 |
||
| 035 | _aA-584194 | ||
| 037 | _bCen Lib/Ret | ||
| 040 |
_aDPL _bEN |
||
| 082 |
_a921 _bGOW |
||
| 100 |
_aGower, David _928297 |
||
| 245 |
_aGower the autobiography / _cby David Gower [and] Martin Johnson |
||
| 260 |
_aNew Delhi _bIndus _c1992 |
||
| 270 |
_a7/16,Ansari Road _bNew Delhi _e110002 |
||
| 300 |
_a256p. _c21cm(Hb) |
||
| 500 | _aIncludes index | ||
| 650 |
_aCricket players _928298 |
||
| 650 |
_aGreat Britain _zEngland _928299 |
||
| 700 |
_928179 _aJohnson, Martin |
||
| 942 |
_2ddc _cEN _h921 _mGOW |
||
| 999 |
_c130103 _d130103 |
||